[Event "POL-chT"]
[Site "Poland"]
[Date "2015.09.04"]
[Round "4.5"]
[White "Czakon, Jakub"]
[Black "Bobras, Piotr"]
[Result "1-0"]
[WhiteElo "2475"]
[BlackElo "2533"]
[PlyCount "73"]
[EventDate "2015.05.08"]
[EventType "team-tourn"]
[EventRounds "9"]
[EventCountry "POL"]
[SourceTitle "EXT 2016"]
[Source "ChessBase"]
[SourceDate "2015.10.08"]
[SourceVersion "1"]
[SourceVersionDate "2015.10.08"]
[SourceQuality "1"]
[WhiteTeam "Dabrowa Gornicza Zaglebie"]
[BlackTeam "Znin Baszta"]
[WhiteTeamCountry "POL"]
[BlackTeamCountry "POL"]

1. e4 e5 2. Nf3 Nc6 3. Bb5 a6 4. Ba4 Nf6 5. d3 d6 6. c3 g6 7. 0-0 Bg7 8. Bg5 0-0 9. Nbd2 h6 10. Bh4 Qe8 11. Re1 Nd7 12. Nf1 Nb6 13. Bb3 Kh8 14. d4 exd4 15. Nxd4 Bd7 16. Nf5 Qe5 17. Nxg7 Kxg7 18. f3 Rae8 19. Bf2 Be6 20. Bxb6 cxb6 21. Ne3 b5 22. Qd2 Qc5 23. Rad1 Rd8 24. Kh1 Rfe8 25. Bd5 Bxd5 26. b4 Qa7 27. Ng4 g5 28. Qxd5 Re6 29. Qd2 Ne7 30. f4 gxf4 31. Qxf4 Rg6 32. Rf1 Rf8 33. Rxd6 Rxd6 34. Qe5+ Kh7 35. Qxd6 Ng6 36. Nf6+ Kg7 37. Nh5+ 1-0

[Event "POL-chT"]
[Site "Poland"]
[Date "2015.05.10"]
[Round "3.1"]
[White "Czakon, Jakub"]
[Black "Lubczynski, Rafal"]
[Result "1-0"]
[WhiteElo "2475"]
[BlackElo "2431"]
[PlyCount "83"]
[EventDate "2015.05.08"]
[EventType "team-tourn"]
[EventRounds "9"]
[EventCountry "POL"]
[SourceTitle "CBM 166 Extra"]
[Source "ChessBase"]
[SourceDate "2015.06.18"]
[SourceVersion "1"]
[SourceVersionDate "2015.06.18"]
[SourceQuality "1"]
[WhiteTeam "Dabrowa Gornicza Zaglebie"]
[BlackTeam "Chrobry Gniezno "]
[WhiteTeamCountry "POL"]
[BlackTeamCountry "POL"]

1. e4 d6 2. d4 Nf6 3. Bd3 e5 4. c3 d5 5. dxe5 Nxe4 6. Nf3 Nc5 7. Bc2 Bg4 8. Bf4 Be7 9. Nbd2 Nc6 10. Nb3 Ne6 11. Bg3 Ng5 12. Qd3 Nxf3+ 13. gxf3 Bh3 14. 0-0-0 Qd7 15. f4 g6 16. Qe3 0-0-0 17. Nc5 Qe8 18. Ba4 b6 19. Bh4 Bg2 20. Qe2 Bxc5 21. Qg4+ Kb7 22. Qxg2 Be7 23. Bxe7 Qxe7 24. Rxd5 Rxd5 25. Qxd5 Qe6 26. Qe4 Rd8 27. Rd1 Rxd1+ 28. Kxd1 a6 29. Bxc6+ Qxc6 30. f3 b5 31. Kd2 Kb6 32. Qxc6+ Kxc6 33. Kd3 Kd5 34. b3 c5 35. c4+ bxc4+ 36. bxc4+ Ke6 37. Ke4 h6 38. h3 h5 39. h4 f6 40. exf6 Kxf6 41. f5 gxf5+ 42. Kd5 1-0

[Event "POL-chT"]
[Site "Poland"]
[Date "2015.05.09"]
[Round "2.5"]
[White "Czakon, Jakub"]
[Black "Miton, Kamil"]
[Result "0-1"]
[WhiteElo "2475"]
[BlackElo "2606"]
[PlyCount "54"]
[EventDate "2015.05.08"]
[EventType "team-tourn"]
[EventRounds "9"]
[EventCountry "POL"]
[SourceTitle "CBM 166 Extra"]
[Source "ChessBase"]
[SourceDate "2015.06.18"]
[SourceVersion "1"]
[SourceVersionDate "2015.06.18"]
[SourceQuality "1"]
[WhiteTeam "Dabrowa Gornicza Zaglebie"]
[BlackTeam "Katowice Wasko"]
[WhiteTeamCountry "POL"]
[BlackTeamCountry "POL"]

1. e4 c5 2. Nf3 e6 3. c3 d5 4. e5 Nc6 5. d4 Qb6 6. a3 Bd7 7. b4 cxd4 8. cxd4 Rc8 9. Ra2 Nge7 10. Be3 Nf5 11. Rc2 Be7 12. Bd3 Nxe3 13. fxe3 0-0 14. 0-0 f6 15. b5 Nxe5 16. dxe5 fxe5 17. Re2 e4 18. Bxe4 dxe4 19. Qxd7 exf3 20. Rxf3 Bf6 21. Qd3 Rfd8 22. Qb3 Rd5 23. a4 Qd6 24. Rc2 Rd1+ 25. Kf2 Rd8 26. g3 Qe5 27. Nc3 Qxc3 0-1

[Event "POL-chT"]
[Site "Poland"]
[Date "2015.05.08"]
[Round "1.2"]
[White "Czakon, Jakub"]
[Black "Czarnota, Pawel"]
[Result "1/2-1/2"]
[WhiteElo "2475"]
[BlackElo "2523"]
[PlyCount "140"]
[EventDate "2015.05.08"]
[EventType "team-tourn"]
[EventRounds "9"]
[EventCountry "POL"]
[SourceTitle "CBM 166 Extra"]
[Source "ChessBase"]
[SourceDate "2015.06.18"]
[SourceVersion "1"]
[SourceVersionDate "2015.06.18"]
[SourceQuality "1"]
[WhiteTeam "Dabrowa Gornicza Zaglebie"]
[BlackTeam "Grudziadz Rotmistrz"]
[WhiteTeamCountry "POL"]
[BlackTeamCountry "POL"]

1. e4 c6 2. d4 d5 3. e5 Bf5 4. Nd2 e6 5. Nb3 Nd7 6. Be3 Ne7 7. Nf3 Bg6 8. a4 Nf5 9. a5 a6 10. c4 Be7 11. Bd3 0-0 12. 0-0 dxc4 13. Bxc4 c5 14. Bf4 cxd4 15. Nfxd4 Nxd4 16. Nxd4 Nc5 17. Be3 Rc8 18. Qe2 Qc7 19. f4 Rfd8 20. b4 Ne4 21. Rac1 Qd7 22. f5 Bxf5 23. Nxf5 exf5 24. Qa2 Bxb4 25. e6 Qe7 26. exf7+ Kh8 27. Rxf5 Bd2 28. Bxd2 Nxd2 29. f8Q+ Rxf8 30. Rxf8+ Rxf8 31. Qxd2 Qc5+ 32. Kh1 Qxc4 33. h3 Rf1+ 34. Rxf1 Qxf1+ 35. Kh2 Qf6 36. Qb4 Qf7 37. Qd6 h6 38. Qe5 Kg8 39. Kg1 Qd7 40. Kh1 Qc6 41. Qb8+ Kh7 42. Qd8 Qe4 43. Qc7 Kg6 44. Qd6+ Kh7 45. Qc7 h5 46. Qc5 h4 47. Qb6 g6 48. Qc7+ Kh6 49. Qd8 Kg7 50. Qc7+ Kf6 51. Qd8+ Ke6 52. Kg1 Qe1+ 53. Kh2 Qe5+ 54. Kh1 g5 55. Qb6+ Kf5 56. Qf2+ Ke4 57. Qc2+ Ke3 58. Qb3+ Kd2 59. Qb4+ Kc1 60. Qxb7 Qxa5 61. Qc6+ Kb2 62. Qf6+ Kc2 63. Qc6+ Kd3 64. Qd6+ Kc4 65. Qc6+ Kb4 66. Qd6+ Kb3 67. Qe6+ Kb4 68. Qd6+ Ka4 69. Qd1+ Ka3 70. Qd6+ Kb3 1/2-1/2

[Event "BCF-chT1b 1415 (4NCL)"]
[Site "England"]
[Date "2015.02.15"]
[Round "6.162"]
[White "Rudd, Jack"]
[Black "Czakon, Jakub"]
[Result "0-1"]
[WhiteElo "2247"]
[BlackElo "2479"]
[PlyCount "66"]
[EventDate "2014.11.15"]
[EventType "team-swiss"]
[EventRounds "11"]
[EventCountry "ENG"]
[SourceTitle "EXT 2016"]
[Source "ChessBase"]
[SourceDate "2015.10.08"]
[SourceVersion "1"]
[SourceVersionDate "2015.10.08"]
[SourceQuality "1"]
[WhiteTeam "e2e4.org.uk"]
[BlackTeam "Grantham Sharks"]
[WhiteTeamCountry "ENG"]
[BlackTeamCountry "ENG"]

1. e4 g6 2. d4 c6 3. c4 Bg7 4. Nc3 d6 5. Be3 Nf6 6. f3 a6 7. Qd2 h5 8. Nge2 b5 9. Nf4 Nbd7 10. 0-0-0 e5 11. dxe5 dxe5 12. Nd3 Qe7 13. c5 a5 14. a4 b4 15. Nb1 Ba6 16. Qc2 Bh6 17. Bxh6 Rxh6 18. Nd2 Bxd3 19. Bxd3 Nxc5 20. Nc4 Nfd7 21. Be2 Kf8 22. Rd6 Kg7 23. Rhd1 Rhh8 24. Nb6 Qg5+ 25. Kb1 b3 26. Qc4 Nxb6 27. Qxc5 Nxa4 28. Qxc6 Nxb2 29. Kxb2 Rac8 30. Qb5 Rc2+ 31. Ka3 Rhc8 32. Rd7 R8c3 33. Rxf7+ Kh6 0-1

[Event "EU-ch rapid"]
[Site "Wroclaw"]
[Date "2014.12.21"]
[Round "9"]
[White "Riazantsev, Alexander"]
[Black "Czakon, Jakub"]
[Result "0-1"]
[WhiteElo "2684"]
[BlackElo "2479"]
[PlyCount "154"]
[EventDate "2014.12.20"]
[EventType "swiss (rapid)"]
[EventRounds "11"]
[EventCountry "POL"]
[SourceTitle "CBM 164 Extra"]
[Source "ChessBase"]
[SourceDate "2015.03.02"]
[SourceVersion "1"]
[SourceVersionDate "2015.03.02"]
[SourceQuality "1"]

1. d4 f5 2. c4 Nf6 3. Nf3 g6 4. e3 Bg7 5. Be2 0-0 6. 0-0 d6 7. Nc3 a5 8. b3 c6 9. Bb2 Qc7 10. d5 Na6 11. Nd4 Nc5 12. Bf3 e5 13. dxe6 Bxe6 14. Qc2 Rfe8 15. Rfd1 Bf7 16. h3 Rad8 17. Rac1 Ncd7 18. Be2 Qb8 19. Nf3 h6 20. Qb1 d5 21. cxd5 Nxd5 22. Nxd5 Bxd5 23. Bc4 Bxc4 24. bxc4 Nc5 25. Bxg7 Kxg7 26. Qb6 Nd3 27. Rb1 Rd7 28. Qxa5 Kh7 29. Qc3 Red8 30. Qf6 Qc7 31. Rd2 Rd6 32. Qh4 Kg7 33. Nd4 Nc5 34. Rbd1 Kh7 35. Qf4 R6d7 36. Qh4 Qe5 37. Nf3 Qg7 38. Rd4 Rxd4 39. Rxd4 Ra8 40. Rd2 Ne4 41. Rd1 Rxa2 42. Qd8 Ra1 43. g3 Rxd1+ 44. Qxd1 b5 45. cxb5 cxb5 46. Qb3 Qb7 47. Qb4 Ng5 48. Nxg5+ hxg5 49. h4 gxh4 50. Qxh4+ Kg7 51. Qd4+ Kf7 52. Qb4 Qd5 53. Qa5 Qc5 54. Qa2+ Ke7 55. Qg8 Qd6 56. Qg7+ Kd8 57. Qb7 b4 58. Kg2 Qc5 59. Kh3 f4 60. Kg2 fxe3 61. fxe3 Qc2+ 62. Kf3 Qf5+ 63. Ke2 Qc2+ 64. Kf3 b3 65. Qd5+ Kc7 66. Qa5+ Kd6 67. Qb4+ Kc6 68. Qa4+ Kc5 69. Qa7+ Kb4 70. Qe7+ Kc3 71. Qc5+ Kb2 72. Qd4+ Qc3 73. Qd5 Kc1 74. Ke2 Qc2+ 75. Ke1 b2 76. e4 b1Q 77. Qd4 Qxe4+ 0-1

[Event "EU-ch rapid"]
[Site "Wroclaw"]
[Date "2014.12.20"]
[Round "2"]
[White "Czakon, Jakub"]
[Black "Szajda, Marcin"]
[Result "1-0"]
[WhiteElo "2479"]
[BlackElo "2086"]
[PlyCount "91"]
[EventDate "2014.12.20"]
[EventType "swiss (rapid)"]
[EventRounds "11"]
[EventCountry "POL"]
[SourceTitle "CBM 164 Extra"]
[Source "ChessBase"]
[SourceDate "2015.03.02"]
[SourceVersion "1"]
[SourceVersionDate "2015.03.02"]
[SourceQuality "1"]

1. f4 d5 2. Nf3 g6 3. g3 Bg7 4. Bg2 Nf6 5. 0-0 0-0 6. d3 c5 7. c3 Nc6 8. Na3 a6 9. Qe1 Qc7 10. e4 e6 11. e5 Ng4 12. h3 Nh6 13. g4 b5 14. Nc2 Rb8 15. Be3 Qe7 16. Qf2 d4 17. cxd4 cxd4 18. Ncxd4 Nxd4 19. Nxd4 Bb7 20. Nc6 Bxc6 21. Bxc6 Rfd8 22. d4 Qb4 23. Rac1 Kh8 24. a3 Qa5 25. Be4 b4 26. Rc5 Qa4 27. Bc6 Qb3 28. a4 f5 29. g5 Ng8 30. Re1 Bf8 31. Qc2 Qa2 32. b3 Qxc2 33. Rxc2 Ne7 34. Rec1 h6 35. gxh6 Bxh6 36. Kf2 Rg8 37. h4 Rgd8 38. a5 Kg8 39. Bf3 Rd7 40. Rc7 Rxc7 41. Rxc7 Kf8 42. Bd2 Rb5 43. Be2 Nd5 44. Rc8+ Ke7 45. Bxb5 axb5 46. a6 1-0

[Event "EU-ch rapid"]
[Site "Wroclaw"]
[Date "2014.12.20"]
[Round "7"]
[White "Gajewski, Grzegorz"]
[Black "Czakon, Jakub"]
[Result "1-0"]
[WhiteElo "2643"]
[BlackElo "2479"]
[PlyCount "61"]
[EventDate "2014.12.20"]
[EventType "swiss (rapid)"]
[EventRounds "11"]
[EventCountry "POL"]
[SourceTitle "CBM 164 Extra"]
[Source "ChessBase"]
[SourceDate "2015.03.02"]
[SourceVersion "1"]
[SourceVersionDate "2015.03.02"]
[SourceQuality "1"]

1. d4 f5 2. Nf3 Nf6 3. g3 g6 4. Bg2 Bg7 5. 0-0 0-0 6. c4 d6 7. Nc3 c6 8. Re1 Ne4 9. Qc2 Nxc3 10. bxc3 e5 11. dxe5 dxe5 12. Ba3 Re8 13. Rad1 Qf6 14. e4 f4 15. Rd6 Be6 16. Bh3 Na6 17. Qb3 fxg3 18. hxg3 Qxf3 19. Bxe6+ Kh8 20. Re3 Qh5 21. Bd7 Rf8 22. Rdd3 Bh6 23. Bxf8 Rxf8 24. Qa3 Rxf2 25. Kxf2 Qh2+ 26. Kf1 Qh1+ 27. Ke2 Qg2+ 28. Kd1 Qf1+ 29. Kc2 Qf2+ 30. Kb1 Bxe3 31. Rxe3 1-0

[Event "POL-chT 70th"]
[Site "Gorzow Wielkopolski"]
[Date "2014.09.06"]
[Round "5.5"]
[White "Czakon, Jakub"]
[Black "Moranda, Wojciech"]
[Result "1/2-1/2"]
[WhiteElo "2475"]
[BlackElo "2589"]
[PlyCount "102"]
[EventDate "2014.05.16"]
[EventType "team-tourn"]
[EventRounds "9"]
[EventCountry "POL"]
[SourceTitle "EXT 2015"]
[Source "ChessBase"]
[SourceDate "2014.11.20"]
[SourceVersion "1"]
[SourceVersionDate "2014.11.20"]
[SourceQuality "1"]
[WhiteTeam "Warsaw Sharks"]
[BlackTeam "Wroclaw Polonia"]
[WhiteTeamCountry "POL"]
[BlackTeamCountry "POL"]

1. e4 d6 2. d4 Nf6 3. Nc3 e5 4. Nf3 Nbd7 5. Bc4 Be7 6. 0-0 0-0 7. a4 c6 8. Re1 a5 9. b3 Nb6 10. Be2 exd4 11. Nxd4 d5 12. e5 Ne8 13. Bd3 g6 14. Nf3 Ng7 15. Ne2 Nd7 16. c3 Nc5 17. Bc2 Bg4 18. Nfd4 Qc7 19. h3 Bd7 20. Ng3 Rae8 21. Bh6 Bd8 22. Nf3 f6 23. exf6 Bxf6 24. Qd2 Qb6 25. Nd4 Nce6 26. Nge2 Rf7 27. Be3 Qd8 28. Nxe6 Nxe6 29. Rad1 Ng5 30. Ng3 Ref8 31. f4 Nxh3+ 32. gxh3 Bxh3 33. Bc5 Be7 34. Bxe7 Rxe7 35. f5 Rg7 36. fxg6 hxg6 37. Qe3 Rgf7 38. Rd3 Qh4 39. Bd1 Bd7 40. Qe5 Rf2 41. Nf1 R2f5 42. Qe3 Rg5+ 43. Ng3 Bf5 44. Rf1 Be4 45. Rxf8+ Kxf8 46. Qc5+ Ke8 47. Qd6 Bxd3 48. Qb8+ Kf7 49. Qc7+ Ke6 50. Qc8+ Ke7 51. Qc7+ Ke6 1/2-1/2

[Event "Bratto op 34th"]
[Site "Bratto"]
[Date "2014.08.31"]
[Round "1"]
[White "Franciosi, Fausto"]
[Black "Czakon, Jakub"]
[Result "0-1"]
[WhiteElo "2101"]
[BlackElo "2474"]
[PlyCount "82"]
[EventDate "2014.08.22"]
[EventType "swiss"]
[EventRounds "9"]
[EventCountry "ITA"]
[SourceTitle "EXT 2016"]
[Source "ChessBase"]
[SourceDate "2015.10.08"]
[SourceVersion "1"]
[SourceVersionDate "2015.10.08"]
[SourceQuality "1"]

1. d4 f5 2. Nf3 Nf6 3. c4 g6 4. Nc3 Bg7 5. g3 0-0 6. Bg2 d6 7. 0-0 Qe8 8. Re1 Qf7 9. Qd3 h6 10. Nd2 Nc6 11. d5 Ne5 12. Qc2 f4 13. Nce4 Nxe4 14. Nxe4 f3 15. exf3 Nxf3+ 16. Bxf3 Qxf3 17. Qe2 Qxe2 18. Rxe2 Bg4 19. Re1 e6 20. Bd2 exd5 21. cxd5 Rae8 22. Bc3 Bf3 23. Bxg7 Kxg7 24. Nc3 a6 25. Rac1 Kf7 26. Kf1 g5 27. b4 g4 28. b5 Rxe1+ 29. Kxe1 Re8+ 30. Kd2 Re5 31. bxa6 bxa6 32. Rc2 Ke7 33. Kd3 Rh5 34. Kd4 Rxh2 35. Ne4 Kd8 36. Nf6 Rh1 37. Rd2 Re1 38. Nh5 Bxd5 39. Kxd5 Re5+ 40. Kc6 Rxh5 41. Rd4 Kc8 0-1

[Event "Bratto op 34th"]
[Site "Bratto"]
[Date "2014.08.25"]
[Round "4"]
[White "Gilevich, Artem"]
[Black "Czakon, Jakub"]
[Result "1-0"]
[WhiteElo "2362"]
[BlackElo "2474"]
[PlyCount "125"]
[EventDate "2014.08.22"]
[EventType "swiss"]
[EventRounds "9"]
[EventCountry "ITA"]
[SourceTitle "CBM 162 Extra"]
[Source "ChessBase"]
[SourceDate "2014.10.17"]
[SourceVersion "1"]
[SourceVersionDate "2014.10.17"]
[SourceQuality "1"]

1. d4 f5 2. Bg5 h6 3. Bh4 g5 4. e4 Nf6 5. e5 e6 6. Bg3 f4 7. exf6 Qxf6 8. Bd3 Nc6 9. Qh5+ Kd8 10. c3 d6 11. Ne2 fxg3 12. fxg3 Bd7 13. Rf1 Qg7 14. Nd2 Ne7 15. 0-0-0 Nd5 16. Nc4 Be7 17. Qf3 Rb8 18. g4 Rf8 19. Qg3 Ba4 20. Rde1 Kd7 21. Ne3 Nf4 22. Nxf4 gxf4 23. Rxf4 Bh4 24. Qxh4 Rxf4 25. d5 e5 26. g3 Rf3 27. g5 Qxg5 28. Qxa4+ b5 29. Qe4 Rf2 30. Re2 Rf7 31. Kc2 a6 32. a4 bxa4 33. Qxa4+ Kd8 34. Qe4 a5 35. Nf5 Rf6 36. Nd4 Ke8 37. Ne6 Qg8 38. Nxc7+ Ke7 39. Ne6 Qe8 40. Qc4 Qd7 41. Nd4 Kf8 42. Nc6 Ra8 43. b3 Qh3 44. Rd2 Qh5 45. Qe4 Qf7 46. Kb2 Qb7 47. Qh7 Qxh7 48. Bxh7 Ke8 49. Bc2 Kd7 50. g4 Kc7 51. Rg2 Rf4 52. Ne7 a4 53. bxa4 Rb8+ 54. Kc1 Rf1+ 55. Kd2 Rb2 56. Nf5 h5 57. Ne3 Rf4 58. g5 h4 59. h3 Rf3 60. g6 Rg3 61. Rxg3 hxg3 62. g7 Rb8 63. Bh7 1-0

[Event "POL-chT 70th"]
[Site "Gorzow Wielkopolski"]
[Date "2014.05.17"]
[Round "2.4"]
[White "Jaracz, Pawel"]
[Black "Czakon, Jakub"]
[Result "1/2-1/2"]
[WhiteElo "2496"]
[BlackElo "2475"]
[PlyCount "65"]
[EventDate "2014.05.16"]
[EventType "team-tourn"]
[EventRounds "9"]
[EventCountry "POL"]
[SourceTitle "CBM 160 Extra"]
[Source "ChessBase"]
[SourceDate "2014.07.01"]
[SourceVersion "1"]
[SourceVersionDate "2014.07.01"]
[SourceQuality "1"]
[WhiteTeam "Znin Baszta"]
[BlackTeam "Warsaw Sharks"]
[WhiteTeamCountry "POL"]
[BlackTeamCountry "POL"]

1. e4 c6 2. c4 e5 3. Nf3 d6 4. d4 Nd7 5. Nc3 Ngf6 6. Be2 Be7 7. 0-0 0-0 8. Be3 Qc7 9. Nd2 h6 10. Rb1 Nh7 11. Nf3 Ng5 12. Qd2 Nxf3+ 13. Bxf3 Nf6 14. b4 b6 15. d5 c5 16. bxc5 bxc5 17. Qe2 Bd7 18. Nb5 Qc8 19. Rb3 Nh7 20. Rfb1 f5 21. Bd2 a6 22. Nc3 Bg5 23. exf5 Bxd2 24. Qxd2 Ng5 25. Ne4 Nxe4 26. Bxe4 Bxf5 27. Qe2 Bxe4 28. Qxe4 Rf4 29. Qg6 Rf6 30. Qe4 Rf4 31. Qg6 Rf6 32. Qe4 Rf4 33. Qg6 1/2-1/2

[Event "POL-chT1"]
[Site "Szklarska Poreba"]
[Date "2013.09.11"]
[Round "5"]
[White "Cyborowski, Lukasz"]
[Black "Czakon, Jakub"]
[Result "0-1"]
[WhiteElo "2532"]
[BlackElo "2461"]
[PlyCount "80"]
[EventDate "2013.09.07"]
[EventType "team-tourn"]
[EventRounds "9"]
[EventCountry "POL"]
[SourceTitle "EXT 2015"]
[Source "ChessBase"]
[SourceDate "2014.11.20"]
[SourceVersion "1"]
[SourceVersionDate "2014.11.20"]
[SourceQuality "1"]
[WhiteTeam "Miedzyborow Wrzos"]
[BlackTeam "Warsaw Sharks"]
[WhiteTeamCountry "POL"]
[BlackTeamCountry "POL"]

1. Nf3 Nf6 2. c4 e6 3. d4 d5 4. Nc3 c6 5. Bg5 h6 6. Bh4 g5 7. Bg3 Bb4 8. Nd2 Qa5 9. Qc2 c5 10. e3 cxd4 11. exd4 Nc6 12. Nb3 Qd8 13. cxd5 Nxd5 14. a3 Bd6 15. Bc4 Nxc3 16. bxc3 Bxg3 17. fxg3 Qf6 18. Rf1 Qe7 19. Kf2 Bd7 20. Kg1 Rc8 21. Bd3 Kd8 22. Nc5 Be8 23. Be4 Na5 24. Nd3 Nc4 25. Rfe1 Rc7 26. a4 b6 27. Nb2 Na5 28. c4 Qb4 29. Qf2 f5 30. Nd3 Qxc4 31. Rec1 Qb3 32. Rxc7 Kxc7 33. Rc1+ Kd6 34. Bxf5 exf5 35. Qe1 Nc6 36. d5 Qxd5 37. Rd1 Kc7 38. Kh1 Bh5 39. Rc1 Re8 40. Qc3 Re2 0-1

[Event "POL-chT1"]
[Site "Szklarska Poreba"]
[Date "2013.09.07"]
[Round "1"]
[White "Czakon, Jakub"]
[Black "Kolosowski, Mateusz"]
[Result "1-0"]
[WhiteElo "2461"]
[BlackElo "2423"]
[PlyCount "83"]
[EventDate "2013.09.07"]
[EventType "team-tourn"]
[EventRounds "9"]
[EventCountry "POL"]
[SourceTitle "EXT 2015"]
[Source "ChessBase"]
[SourceDate "2014.11.20"]
[SourceVersion "1"]
[SourceVersionDate "2014.11.20"]
[SourceQuality "1"]
[WhiteTeam "Warsaw Sharks"]
[BlackTeam "Gminy Pawlowice"]
[WhiteTeamCountry "POL"]
[BlackTeamCountry "POL"]

1. e4 e5 2. Nf3 Nc6 3. Bb5 a6 4. Ba4 Nf6 5. d3 b5 6. Bb3 Bc5 7. a4 Rb8 8. Nc3 d6 9. axb5 axb5 10. h3 Be6 11. Nd5 Bxd5 12. exd5 Nd4 13. Nxd4 Bxd4 14. c3 Bb6 15. 0-0 0-0 16. Be3 b4 17. Bc4 Nd7 18. Qd2 bxc3 19. bxc3 f5 20. f4 exf4 21. Rxf4 Qg5 22. d4 Ne5 23. Bd3 Qg3 24. Be2 Ng6 25. Rf3 Qh4 26. Bd3 f4 27. Bf2 Qg5 28. Bxg6 hxg6 29. c4 Qf6 30. Rfa3 c6 31. dxc6 Bc7 32. d5 Rfe8 33. R1a2 Rb1+ 34. Kh2 Qe5 35. Rf3 g5 36. Qc2 g4 37. Qxb1 gxf3 38. gxf3 Qc3 39. Kg2 Qxc4 40. Ra7 Qxd5 41. Rxc7 Re2 42. Qg6 1-0

[Event "POL-ch"]
[Site "Chorzow"]
[Date "2013.04.14"]
[Round "2"]
[White "Czakon, Jakub"]
[Black "Gajek, Radoslaw"]
[Result "0-1"]
[WhiteElo "2485"]
[BlackElo "2303"]
[PlyCount "90"]
[EventDate "2013.04.13"]
[EventType "swiss"]
[EventRounds "9"]
[EventCountry "POL"]
[SourceTitle "CBM 154 Extra"]
[Source "ChessBase"]
[SourceDate "2013.06.25"]
[SourceVersion "2"]
[SourceVersionDate "2013.06.25"]
[SourceQuality "1"]

1. f4 Nf6 2. Nf3 g6 3. g3 Bg7 4. Bg2 d5 5. 0-0 0-0 6. d3 d4 7. e4 dxe3 8. Qe2 Nd5 9. c3 c5 10. Ne5 Bxe5 11. fxe5 Nc6 12. Bxe3 Nxe3 13. Qxe3 Bf5 14. Qxc5 Qxd3 15. Na3 Qe2 16. Bxc6 bxc6 17. Rf2 Qe4 18. Rf4 Qd5 19. Qxd5 cxd5 20. Rd1 Rab8 21. Rf2 Be6 22. Rd4 Rb7 23. Kf1 Rfb8 24. Rdd2 a5 25. Ke1 a4 26. Kd1 d4 27. cxd4 Bxa2 28. Ke2 Rxb2 29. Kd1 Rxd2+ 30. Rxd2 Bd5 31. Rd3 Rb2 32. h4 Ra2 33. Kc1 Bb3 34. Nb5 Rc2+ 35. Kb1 Rg2 36. Rc3 Kg7 37. Rc7 Rxg3 38. Rxe7 h5 39. Kb2 g5 40. Nc7 gxh4 41. e6 a3+ 42. Kxa3 Bxe6+ 43. Kb4 Kf6 44. Re8 h3 45. Nxe6 fxe6 0-1

[Event "POL-chT 2nd League"]
[Site "Lazy"]
[Date "2012.09.09"]
[Round "9"]
[White "Czakon, Jakub"]
[Black "Malecki, Rafal"]
[Result "1-0"]
[WhiteElo "2486"]
[BlackElo "2094"]
[PlyCount "65"]
[EventDate "2012.09.01"]
[EventType "team-swiss"]
[EventRounds "9"]
[EventCountry "POL"]
[SourceTitle "EXT 2019"]
[Source "ChessBase"]
[SourceDate "2018.10.10"]
[SourceVersion "1"]
[SourceVersionDate "2018.10.10"]
[SourceQuality "1"]
[WhiteTeam "Warszawa Sharks"]
[BlackTeam "Chroscice LZS Victoria"]
[WhiteTeamCountry "POL"]
[BlackTeamCountry "POL"]

1. Nf3 d6 2. d4 g6 3. c4 Bg7 4. Nc3 Nf6 5. Bf4 0-0 6. h3 Nc6 7. e3 Nd7 8. Be2 e5 9. Bh2 f5 10. 0-0 g5 11. d5 Ncb8 12. b4 a5 13. a3 axb4 14. axb4 Rxa1 15. Qxa1 h5 16. h4 gxh4 17. Qa7 Na6 18. c5 Nxb4 19. cxd6 cxd6 20. Qa3 Na6 21. Bxa6 bxa6 22. Qxd6 Rf6 23. Qb4 Rg6 24. Qxh4 Qa5 25. Qxh5 Rf6 26. Rc1 Qa3 27. Ne2 Rf8 28. Qg6 f4 29. Qe6+ Kh8 30. Qh3+ Kg8 31. Ng5 Re8 32. Qh7+ Kf8 33. Ne6+ 1-0

[Event "POL-chT 2nd League"]
[Site "Lazy"]
[Date "2012.09.02"]
[Round "2"]
[White "Tworzydlo, Piotr"]
[Black "Czakon, Jakub"]
[Result "0-1"]
[WhiteElo "2104"]
[BlackElo "2486"]
[PlyCount "80"]
[EventDate "2012.09.01"]
[EventType "team-swiss"]
[EventRounds "9"]
[EventCountry "POL"]
[SourceTitle "EXT 2019"]
[Source "ChessBase"]
[SourceDate "2018.10.10"]
[SourceVersion "1"]
[SourceVersionDate "2018.10.10"]
[SourceQuality "1"]
[WhiteTeam "Gant Hetman"]
[BlackTeam "Warszawa Sharks"]
[WhiteTeamCountry "POL"]
[BlackTeamCountry "POL"]

1. e4 d5 2. exd5 Qxd5 3. Nf3 Nc6 4. Nc3 Qa5 5. d4 Bg4 6. h3 Bh5 7. g4 Bg6 8. Qe2 Nb4 9. Qb5+ Qxb5 10. Bxb5+ c6 11. Ba4 Nxc2+ 12. Bxc2 Bxc2 13. Kd2 Bg6 14. Ne5 Rd8 15. f4 e6 16. h4 Rxd4+ 17. Ke2 f6 18. Nxg6 hxg6 19. Be3 Rd7 20. Bxa7 Bd6 21. Kf3 Ne7 22. Be3 Nd5 23. Nxd5 exd5 24. h5 gxh5 25. gxh5 Re7 26. a4 Kf7 27. Rad1 Re4 28. b3 Ke6 29. h6 gxh6 30. Rh5 f5 31. Rdh1 Bf8 32. Bd2 Rg8 33. a5 Rg6 34. a6 bxa6 35. Ra1 Rd4 36. Re1+ Re4 37. Ra1 Bd6 38. Rah1 Rd4 39. Re1+ Kd7 40. Be3 Rd3 0-1

[Event "Sitges op 38th"]
[Site "Sitges"]
[Date "2012.07.20"]
[Round "1"]
[White "Czakon, Jakub"]
[Black "Gurrutxaga Telleria, Jose Luis"]
[Result "1-0"]
[WhiteElo "2481"]
[BlackElo "2085"]
[PlyCount "109"]
[EventDate "2012.07.20"]
[EventType "swiss"]
[EventRounds "9"]
[EventCountry "ESP"]
[SourceTitle "CBM 149 Extra"]
[Source "ChessBase"]
[SourceDate "2012.08.24"]
[SourceVersion "1"]
[SourceVersionDate "2012.08.24"]
[SourceQuality "1"]

1. d4 Nf6 2. c4 e5 3. dxe5 Ng4 4. Nf3 Bc5 5. e3 Nc6 6. Be2 0-0 7. Nc3 Re8 8. b3 a5 9. 0-0 Ncxe5 10. Nxe5 Nxe5 11. Bb2 Ra6 12. Qd5 Bf8 13. Ne4 Rae6 14. Ng3 c6 15. Qd4 d6 16. Rfd1 Rh6 17. Bc3 Rh4 18. Qd2 Rh6 19. Bxa5 Qh4 20. Nf1 Be7 21. Bc3 Rg6 22. Bxe5 dxe5 23. Qa5 Bd6 24. c5 Bb8 25. Bc4 Qe4 26. Ng3 Qh4 27. Rd2 Qe7 28. Rad1 Bc7 29. Qc3 e4 30. Rd4 Qh4 31. f4 Rh6 32. Nf1 b5 33. Be2 Rg6 34. Qe1 Qh3 35. Ng3 Qh6 36. a4 bxa4 37. Rxa4 Bd8 38. Rxe4 Rge6 39. Rxe6 Bxe6 40. b4 Bd5 41. Bf3 Bxf3 42. gxf3 Bc7 43. Qc3 Qe6 44. Rd3 Ra8 45. Kg2 g6 46. Ne2 h5 47. Qb3 Ra2 48. Qxe6 fxe6 49. Kf2 g5 50. Rd7 Ra7 51. Re7 gxf4 52. exf4 Kf8 53. Rxe6 Ra2 54. Rxc6 Bxf4 55. Rf6+ 1-0

[Event "POL-chT"]
[Site "Wroclaw"]
[Date "2011.05.08"]
[Round "3.3"]
[White "Czakon, Jakub"]
[Black "Wojtaszek, Radoslaw"]
[Result "0-1"]
[WhiteElo "2496"]
[BlackElo "2721"]
[PlyCount "32"]
[EventDate "2011.05.06"]
[EventType "team-tourn"]
[EventRounds "9"]
[EventCountry "POL"]
[SourceTitle "EXT 2012"]
[Source "ChessBase"]
[SourceDate "2011.11.24"]
[SourceVersion "1"]
[SourceVersionDate "2011.11.24"]
[SourceQuality "1"]
[WhiteTeam "Pultusk Nadnarwianka"]
[BlackTeam "Wroclaw"]
[WhiteTeamCountry "POL"]
[BlackTeamCountry "POL"]

1. d4 f5 2. Nc3 d5 3. Bf4 a6 4. f3 Nf6 5. e4 fxe4 6. fxe4 dxe4 7. Bc4 Bf5 8. Nge2 e6 9. Be5 Nc6 10. Nf4 Qe7 11. Bxf6 Qxf6 12. Bxe6 Bxe6 13. Nxe6 Qxe6 14. d5 Qh6 15. dxc6 Bd6 16. cxb7 Bg3+ 0-1